Olympic cơ học toàn quốc lần thứ mười - 1998

Spremljeno u:
Bibliografski detalji
Format: Knjiga
Jezik:Undetermined
Izdano: Hà Nội Hội Cơ Học 1998
Teme:
Oznake: Dodaj oznaku
Bez oznaka, Budi prvi tko označuje ovaj zapis!
Thư viện lưu trữ: Trung tâm Học liệu Trường Đại học Cần Thơ
LEADER 00486nam a2200157Ia 4500
001 CTU_34101
008 210402s9999 xx 000 0 und d
082 |a 530.076 
082 |b O.54/1998 
245 0 |a Olympic cơ học toàn quốc lần thứ mười - 1998 
260 |a Hà Nội 
260 |b Hội Cơ Học 
260 |c 1998 
650 |a mechanics - problems, exercises, etc 
904 |i Minh, 991125 
980 |a Trung tâm Học liệu Trường Đại học Cần Thơ